[Event "42nd Rubinstein Memorial"]
[Site "Polanica Zdroj POL"]
[Date "2006.08.20"]
[Round "1"]
[White "Belov, Vladimir"]
[Black "Bobras, Piotr"]
[WhiteElo "2424"]
[BlackElo "2417"]
[Result "1/2-1/2"]
[EventDate "2006.08.20"]
[PlyCount "41"]
1. e4 e5 2. Nf3 Nc6 3. Bb5 a6 4. Ba4 Nf6 5. O-O Bc5 6. c3 b5 7. Bb3 d6 8. a4 Rb8 9. d4 Bb6 10. axb5 axb5 11. Na3 O-O 12. Nxb5 Bg4 13. Bc2 d5 14. exd5 Qxd5 15. dxe5 Qxb5 16. exf6 Rfd8 17. Ba4 Qh5 18. Qe2 Re8 19. Qd3 Rbd8 20. Qb5 Ne5 21. Nxe5 1/2-1/2

[Event "42nd Rubinstein Memorial"]
[Site "Polanica Zdroj POL"]
[Date "2006.08.20"]
[Round "1"]
[White "Czarnota, Pawel"]
[Black "Kryvoruchko, Yuriy"]
[WhiteElo "2140"]
[BlackElo "2148"]
[Result "0-1"]
[EventDate "2006.08.20"]
[PlyCount "74"]
1. e4 e5 2. Nf3 Nc6 3. Bb5 Nf6 4. O-O Nxe4 5. d4 Nd6 6. Bxc6 dxc6 7. dxe5 Nf5 8. Qxd8+ Kxd8 9. Rd1+ Ke8 10. Nc3 Ne7 11. h3 Ng6 12. b3 Be7 13. Bb2 h5 14. Ne4 h4 15. Re1 Kf8 16. Rad1 Rh5 17. Nd6 Be6 18. Nxb7 Bd5 19. Re3 Rb8 20. Na5 Rb5 21. Bc3 Bc5 22. Ree1 Nf4 23. Kf1 Bb6 24. Nc4 Nxg2 25. Nxb6 Bxf3 26. Nc8 Ke8 27. e6 Nxe1 28. exf7+ Kxf7 29. Rxe1 Rhg5 30. Re3 Bg2+ 31. Ke2 Rb8 32. Re7+ Kg8 33. Rxc7 Bxh3 34. Ne7+ Kh7 35. f4 Rg2+ 36. Ke1 Rd8 37. Nxc6 Rd7 0-1

[Event "42nd Rubinstein Memorial"]
[Site "Polanica Zdroj POL"]
[Date "2006.08.20"]
[Round "1"]
[White "Heberla, Bartlomiej"]
[Black "Zubarev, Alexander"]
[WhiteElo "2364"]
[BlackElo "2468"]
[Result "1/2-1/2"]
[EventDate "2006.08.20"]
[PlyCount "67"]
1. e4 c5 2. Nf3 Nc6 3. d4 cxd4 4. Nxd4 g6 5. c4 Nf6 6. Nc3 Nxd4 7. Qxd4 d6 8. Be3 Bg7 9. f3 O-O 10. Qd2 a5 11. Na4 Nd7 12. Bd3 Nc5 13. Nxc5 dxc5 14. Bxc5 Be6 15. Rd1 Qc7 16. Be3 Rfd8 17. Qe2 Bd4 18. O-O Qb6 19. Bxd4 Rxd4 20. Kh1 Rad8 21. b3 Qb4 22. Qc2 b6 23. h3 Qd6 24. Be2 Rd2 25. Rxd2 Qxd2 26. Rc1 h5 27. Bf1 Rd7 28. a3 Qe3 29. Rd1 Bxh3 30. Rxd7 Bxd7 31. Qd3 Qxd3 32. Bxd3 e5 33. b4 axb4 34. axb4 1/2-1/2

[Event "42nd Rubinstein Memorial"]
[Site "Polanica Zdroj POL"]
[Date "2006.08.20"]
[Round "1"]
[White "Kempinski, Robert"]
[Black "Socko, Bartosz"]
[WhiteElo "2543"]
[BlackElo "2557"]
[Result "1/2-1/2"]
[EventDate "2006.08.20"]
[PlyCount "44"]
1. d4 d5 2. c4 dxc4 3. Nf3 Nf6 4. e3 e6 5. Bxc4 a6 6. O-O c5 7. dxc5 Qxd1 8. Rxd1 Bxc5 9. Nbd2 O-O 10. Be2 Rd8 11. b3 b6 12. Bb2 Bb7 13. Rac1 Nbd7 14. Nc4 Rac8 15. Nd6 Bxd6 16. Rxd6 Rxc1+ 17. Bxc1 Bd5 18. Ne5 Rc8 19. Bb2 Rc2 20. Bxa6 Rxb2 21. Nxd7 Nxd7 22. Rxd7 Kf8 1/2-1/2

[Event "42nd Rubinstein Memorial"]
[Site "Polanica Zdroj POL"]
[Date "2006.08.20"]
[Round "1"]
[White "Laznicka, Viktor"]
[Black "Atalik, Suat"]
[WhiteElo "2045"]
[BlackElo "2543"]
[Result "1-0"]
[EventDate "2006.08.20"]
[PlyCount "79"]
1. e4 e5 2. Nf3 Nc6 3. Bb5 a6 4. Bxc6 dxc6 5. O-O f6 6. d4 exd4 7. Nxd4 c5 8. Ne2 Qxd1 9. Rxd1 Bd7 10. Nbc3 O-O-O 11. Be3 Re8 12. Rd2 Bc6 13. Rad1 b6 14. Nf4 Nh6 15. Nfd5 Ng4 16. Bf4 Ne5 17. b3 Kb7 18. Ne3 h5 19. h4 g5 20. Bg3 gxh4 21. Bxh4 Rg8 22. Kf1 Bh6 23. Re2 Bxe3 24. Rxe3 Ng4 25. Rh3 Bxe4 26. Nxe4 Rxe4 27. Bg3 f5 28. Rxh5 f4 29. Bh2 Rge8 30. Bg1 Re2 31. Rh4 Nf6 32. Rxf4 Nd5 33. Rf3 Rxc2 34. g4 Kc6 35. g5 Nc3 36. Rdd3 Ne4 37. Rfe3 b5 38. g6 c4 39. bxc4 Rxc4 40. f3 1-0

[Event "42nd Rubinstein Memorial"]
[Site "Polanica Zdroj POL"]
[Date "2006.08.21"]
[Round "2"]
[White "Atalik, Suat"]
[Black "Belov, Vladimir"]
[WhiteElo "2543"]
[BlackElo "2424"]
[Result "1/2-1/2"]
[EventDate "2006.08.20"]
[PlyCount "183"]
1. d4 Nf6 2. c4 g6 3. Nc3 d5 4. cxd5 Nxd5 5. e4 Nxc3 6. bxc3 Bg7 7. Bc4 c5 8. Ne2 Nc6 9. Be3 O-O 10. O-O Qc7 11. Rc1 Rd8 12. Bf4 Qd7 13. dxc5 Qe8 14. Bd5 Bd7 15. Qd3 Rac8 16. Qg3 e5 17. Bg5 Ne7 18. Qh4 Bf8 19. Bb3 a5 20. a4 Rc7 21. Bf6 Bxa4 22. Bxe5 Rxc5 23. Bxa4 Qxa4 24. Qf6 Rxe5 25. Qxe5 Nc6 26. Qc7 Qb5 27. Nd4 Nxd4 28. Qxd8 Ne2+ 29. Kh1 Nxc1 30. Rxc1 Qb2 31. Qd1 Qxf2 32. Qd4 Qf4 33. Ra1 Bd6 34. g3 Qf3+ 35. Kg1 Bc7 36. Rf1 Qe2 37. Rf2 Qb5 38. Qf6 Qe8 39. Kf1 Be5 40. Qb6 Bxc3 41. Qxb7 Bb4 42. Rf6 Kg7 43. Ra6 Qe5 44. Qd5 Qc3 45. Qd1 h5 46. Qe2 Bc5 47. Kg2 Bb4 48. h4 Qe5 49. Ra7 Qd4 50. Rb7 Qf6 51. Qc4 Be1 52. Qc2 Bb4 53. Qb3 Bc5 54. Qf3 Qxf3+ 55. Kxf3 Bb4 56. Rb5 Kf6 57. Rb6+ Ke7 58. Ra6 Be1 59. Rb6 Kd7 60. Rf6 Ke7 61. Ra6 Kd7 62. g4 hxg4+ 63. Kxg4 Bc3 64. Kf4 Ke7 65. Kg4 Kd7 66. Kf4 Ke7 67. e5 Be1 68. h5 gxh5 69. Kf5 Kf8 70. Ra7 Kg8 71. Rb7 h4 72. Kf6 Bg3 73. Rb3 Kh7 74. Ra3 Kh6 75. Rxa5 Be1 76. Ra8 Kh5 77. Kf5 Kh6 78. Ra7 Bf2 79. Ra3 Bg3 80. Rf3 Kh5 81. Ke4 Kg6 82. Rf6+ Kg7 83. Rb6 Bf2 84. Rb2 Bg3 85. Kf5 Kh6 86. Rb7 Bf2 87. Rd7 Bg1 88. Rxf7 h3 89. Rf6+ Kh7 90. Rf7+ Kh6 91. Rf6+ Kh7 92. Rf7+ {The start of a catastrophic tournament!} 1/2-1/2

[Event "42nd Rubinstein Memorial"]
[Site "Polanica Zdroj POL"]
[Date "2006.08.21"]
[Round "2"]
[White "Czarnota, Pawel"]
[Black "Heberla, Bartlomiej"]
[WhiteElo "2140"]
[BlackElo "2364"]
[Result "1/2-1/2"]
[EventDate "2006.08.20"]
[PlyCount "27"]
1. e4 c5 2. Nf3 Nc6 3. Bb5 a6 4. Bxc6 dxc6 5. h3 e5 6. O-O Qc7 7. a4 a5 8. d3 Ne7 9. Be3 Ng6 10. Nbd2 Be7 11. Nc4 Be6 12. Qd2 O-O 13. b3 b6 14. Qe2 1/2-1/2

[Event "42nd Rubinstein Memorial"]
[Site "Polanica Zdroj POL"]
[Date "2006.08.21"]
[Round "2"]
[White "Kryvoruchko, Yuriy"]
[Black "Bobras, Piotr"]
[WhiteElo "2148"]
[BlackElo "2417"]
[Result "1-0"]
[EventDate "2006.08.20"]
[PlyCount "53"]
1. e4 c5 2. Nf3 d6 3. d4 cxd4 4. Nxd4 Nf6 5. Nc3 a6 6. Be3 e6 7. f3 b5 8. Qd2 b4 9. Na4 Nbd7 10. c4 bxc3 11. Nxc3 Bb7 12. Be2 d5 13. exd5 Nxd5 14. Nxd5 Bxd5 15. O-O Qb8 16. Nf5 Qe5 17. Ng3 Bb4 18. Qxb4 Qxe3+ 19. Kh1 Rb8 20. Qa4 Rxb2 21. Rac1 Ke7 22. Rfe1 g6 23. Bxa6 Qd2 24. Qh4+ f6 25. Bf1 h5 26. Rcd1 Qf2 27. Rxd5 1-0

[Event "42nd Rubinstein Memorial"]
[Site "Polanica Zdroj POL"]
[Date "2006.08.21"]
[Round "2"]
[White "Zubarev, Alexander"]
[Black "Kempinski, Robert"]
[WhiteElo "2468"]
[BlackElo "2543"]
[Result "1/2-1/2"]
[EventDate "2006.08.20"]
[PlyCount "81"]
1. Nf3 d5 2. d4 c6 3. c4 e6 4. e3 Nf6 5. Nc3 a6 6. c5 b6 7. cxb6 Nbd7 8. Na4 Nxb6 9. Bd2 Nxa4 10. Qxa4 Bd7 11. Ne5 c5 12. Nxd7 Qxd7 13. Qxd7+ Kxd7 14. dxc5 Bxc5 15. b4 Bd6 16. Bd3 Ne4 17. Bxe4 dxe4 18. O-O-O Ke7 19. Kb2 a5 20. a3 Be5+ 21. Ka2 Rhb8 22. Rb1 Rd8 23. Rhd1 Rac8 24. Be1 Rxd1 25. Rxd1 a4 26. Kb1 f5 27. h3 g6 28. Rc1 Rxc1+ 29. Kxc1 Kd6 30. Kc2 Kd5 31. Bc3 Bc7 32. g3 e5 33. Bd2 Kc4 34. Bc1 Bb6 35. Bd2 f4 36. Bc1 h5 37. Bd2 Ba7 38. Bc1 Bb6 39. Bd2 g5 40. g4 hxg4 41. hxg4 1/2-1/2

[Event "42nd Rubinstein Memorial"]
[Site "Polanica Zdroj POL"]
[Date "2006.08.22"]
[Round "3"]
[White "Bobras, Piotr"]
[Black "Atalik, Suat"]
[WhiteElo "2417"]
[BlackElo "2543"]
[Result "1-0"]
[EventDate "2006.08.20"]
[PlyCount "133"]
1. e4 e5 2. Nf3 Nc6 3. Bb5 a6 4. Ba4 Nf6 5. O-O Be7 6. Re1 b5 7. Bb3 d6 8. c3 O-O 9. h3 Bb7 10. d4 Re8 11. Ng5 Rf8 12. Nf3 Na5 13. Bc2 c5 14. d5 Nc4 15. a4 Nb6 16. b3 Bc8 17. Nbd2 g6 18. axb5 axb5 19. Rxa8 Nxa8 20. Nf1 Qc7 21. Bh6 Re8 22. Qd2 Nb6 23. g4 Bd7 24. Ra1 Ra8 25. Qc1 Qc8 26. Ng3 Ra6 27. Qb2 Bf8 28. Be3 Bg7 29. Ra2 Nfxd5 30. exd5 Nxd5 31. Bd2 b4 32. Rxa6 Qxa6 33. c4 Nf4 34. Kh2 Nxh3 35. Kxh3 e4 36. Qb1 exf3 37. Be4 h5 38. Bxf3 Qc8 39. Kg2 h4 40. Ne2 Bxg4 41. Qe4 Bh3+ 42. Kh2 Be5+ 43. Bf4 Bf5 44. Qe3 Qe8 45. Kg2 h3+ 46. Kg1 Bc2 47. Bd5 Bxb3 48. Qxb3 Bxf4 49. Qc2 Be5 50. Qxg6+ Bg7 51. Qe4 Qxe4 52. Bxe4 b3 53. Kh2 Kf8 54. Kxh3 Ke7 55. Kg4 Kd7 56. Nf4 Kc7 57. Nd5+ Kb7 58. Bf3 Bd4 59. Kg3 Be5+ 60. Kg2 f5 61. Bd1 b2 62. Bc2 f4 63. f3 Ka6 64. Kf1 Ka5 65. Ke2 Ka6 66. Kd3 Ka5 67. Ke4 1-0

[Event "42nd Rubinstein Memorial"]
[Site "Polanica Zdroj POL"]
[Date "2006.08.22"]
[Round "3"]
[White "Heberla, Bartlomiej"]
[Black "Kryvoruchko, Yuriy"]
[WhiteElo "2364"]
[BlackElo "2148"]
[Result "1/2-1/2"]
[EventDate "2006.08.20"]
[PlyCount "34"]
1. e4 c5 2. Nc3 Nc6 3. Bb5 e6 4. Bxc6 bxc6 5. d3 d5 6. f4 Nf6 7. Nf3 Ba6 8. e5 Nd7 9. O-O Be7 10. Qe1 O-O 11. b3 c4 12. dxc4 dxc4 13. Rf2 Qa5 14. Bd2 Bc5 15. Be3 Bb4 16. Bd2 Bc5 17. Be3 Bb4 1/2-1/2

[Event "42nd Rubinstein Memorial"]
[Site "Polanica Zdroj POL"]
[Date "2006.08.22"]
[Round "3"]
[White "Kempinski, Robert"]
[Black "Czarnota, Pawel"]
[WhiteElo "2543"]
[BlackElo "2140"]
[Result "1/2-1/2"]
[EventDate "2006.08.20"]
[PlyCount "46"]
1. d4 d5 2. c4 c6 3. Nf3 Nf6 4. Nc3 e6 5. e3 Nbd7 6. Bd3 dxc4 7. Bxc4 b5 8. Bd3 Bb7 9. O-O a6 10. a4 b4 11. Ne4 c5 12. Nxf6+ gxf6 13. Qe2 Rg8 14. Rd1 cxd4 15. exd4 Nb6 16. Bf4 Be7 17. Bg3 Nd5 18. Bxh7 Rg7 19. Bd3 f5 20. Be5 f6 21. Bg3 f4 22. Bh4 Kd7 23. Kf1 Qg8 1/2-1/2

[Event "42nd Rubinstein Memorial"]
[Site "Polanica Zdroj POL"]
[Date "2006.08.23"]
[Round "4"]
[White "Czarnota, Pawel"]
[Black "Laznicka, Viktor"]
[WhiteElo "2140"]
[BlackElo "2045"]
[Result "0-1"]
[EventDate "2006.08.20"]
[PlyCount "70"]
1. e4 e6 2. d4 d5 3. Nd2 dxe4 4. Nxe4 Nd7 5. Nf3 Ngf6 6. Bd3 Nxe4 7. Bxe4 Nf6 8. Bg5 Qd6 9. Bd3 b6 10. Ne5 Bb7 11. c3 a6 12. Qe2 Be7 13. O-O-O h6 14. Bf4 Nd5 15. Bg3 Qd8 16. Kb1 O-O 17. f4 Bd6 18. h4 b5 19. h5 c5 20. dxc5 Bxc5 21. Ng4 Qa5 22. Bc2 Rad8 23. Bh4 Be7 24. Rxd5 Bxd5 25. Bxe7 Qxa2+ 26. Kc1 Bc4 27. Nxh6+ Kh8 28. Qe3 Qa1+ 29. Bb1 Bd3 30. Qxd3 Rxd3 31. Bxf8 gxh6 32. Bxh6 b4 33. Bg5 bxc3 34. Bf6+ Kg8 35. h6 Qxb2# 0-1

[Event "42nd Rubinstein Memorial"]
[Site "Polanica Zdroj POL"]
[Date "2006.08.23"]
[Round "4"]
[White "Heberla, Bartlomiej"]
[Black "Kempinski, Robert"]
[WhiteElo "2364"]
[BlackElo "2543"]
[Result "1/2-1/2"]
[EventDate "2006.08.20"]
[PlyCount "79"]
1. e4 c5 2. Nf3 e6 3. d4 cxd4 4. Nxd4 a6 5. Bd3 Nf6 6. O-O d6 7. Kh1 Be7 8. f4 Qc7 9. Nd2 O-O 10. Qe2 Nbd7 11. c3 b5 12. N2f3 Nc5 13. Bc2 Bb7 14. e5 Nfe4 15. Qe1 d5 16. f5 exf5 17. Nxf5 f6 18. Nxe7+ Qxe7 19. exf6 Qxf6 20. Be3 Rae8 21. Bd4 Qh6 22. Kg1 Ne6 23. Be3 Nf4 24. Bxe4 Rxe4 25. Bxf4 Qxf4 26. Qc1 b4 27. Nd4 Qxc1 28. Raxc1 g6 29. a3 a5 30. Rxf8+ Kxf8 31. Nb3 bxa3 32. bxa3 Bc8 33. Nd4 Ke7 34. Kf2 Kd6 35. Rb1 Bd7 36. Rb7 a4 37. Rb4 Re8 38. Rb6+ Kc5 39. Rb7 Kd6 40. Rb6+ 1/2-1/2

[Event "42nd Rubinstein Memorial"]
[Site "Polanica Zdroj POL"]
[Date "2006.08.23"]
[Round "4"]
[White "Kryvoruchko, Yuriy"]
[Black "Atalik, Suat"]
[WhiteElo "2148"]
[BlackElo "2543"]
[Result "1/2-1/2"]
[EventDate "2006.08.20"]
[PlyCount "90"]
1. e4 e5 2. Nf3 Nc6 3. Bb5 a6 4. Ba4 Nf6 5. O-O Be7 6. Re1 b5 7. Bb3 d6 8. c3 O-O 9. h3 Bb7 10. d4 Re8 11. Nbd2 Bf8 12. d5 Nb8 13. Nh2 Nbd7 14. Ng4 Nxg4 15. hxg4 Be7 16. a4 Nc5 17. Bc2 bxa4 18. Bxa4 Nxa4 19. Rxa4 c6 20. Nc4 cxd5 21. Na5 Bc8 22. Nc6 Qd7 23. exd5 Bb7 24. Nxe7+ Rxe7 25. b3 f5 26. gxf5 Qxf5 27. Rh4 Rf7 28. Be3 Rf6 29. c4 Rg6 30. Qh5 Qxh5 31. Rxh5 a5 32. f4 exf4 33. Bxf4 Rf8 34. Bd2 Rf3 35. Re8+ Kf7 36. Re3 Rxe3 37. Bxe3 a4 38. bxa4 Rg4 39. Rf5+ Kg6 40. Rf4 Rxf4 41. Bxf4 Ba6 42. c5 dxc5 43. d6 Kf7 44. d7 Ke7 45. Bd6+ Kxd7 1/2-1/2

[Event "42nd Rubinstein Memorial"]
[Site "Polanica Zdroj POL"]
[Date "2006.08.24"]
[Round "5"]
[White "Belov, Vladimir"]
[Black "Czarnota, Pawel"]
[WhiteElo "2424"]
[BlackElo "2140"]
[Result "1/2-1/2"]
[EventDate "2006.08.20"]
[PlyCount "105"]
1. c4 c6 2. e4 d5 3. exd5 cxd5 4. d4 Nf6 5. Nc3 e6 6. Nf3 Bb4 7. Bd3 O-O 8. cxd5 exd5 9. Ne5 Nc6 10. O-O h6 11. Nxc6 bxc6 12. Ne2 Be7 13. Bf4 c5 14. dxc5 Bxc5 15. Rc1 Bb6 16. Qc2 Bg4 17. Bc7 Bxc7 18. Qxc7 Bxe2 19. Qxd8 Rfxd8 20. Bxe2 Rdb8 21. Rc2 a5 22. Rd1 Rb4 23. f3 Rab8 24. Rdd2 Kf8 25. b3 a4 26. bxa4 Rxa4 27. Bd1 Rc4 28. Kf2 Rxc2 29. Rxc2 Ke7 30. a4 Kd6 31. Be2 d4 32. a5 Nd5 33. Rc4 Ke5 34. Rc2 Nc3 35. a6 Rb4 36. Bd3 f5 37. Rc1 Rb2+ 38. Kg3 f4+ 39. Kh3 Ra2 40. Re1+ Kf6 41. g3 g5 42. Bc4 Ra4 43. Re6+ Kg7 44. Rc6 fxg3 45. hxg3 h5 46. Bd3 Nd1 47. Bc2 Ra1 48. Bxd1 Rxd1 49. Rc5 g4+ 50. fxg4 hxg4+ 51. Kxg4 Ra1 52. Rc7+ Kf6 53. Kf4 1/2-1/2

[Event "42nd Rubinstein Memorial"]
[Site "Polanica Zdroj POL"]
[Date "2006.08.24"]
[Round "5"]
[White "Bobras, Piotr"]
[Black "Zubarev, Alexander"]
[WhiteElo "2417"]
[BlackElo "2468"]
[Result "1/2-1/2"]
[EventDate "2006.08.20"]
[PlyCount "45"]
1. e4 d6 2. d4 Nf6 3. Nc3 e5 4. Nf3 Nbd7 5. Bc4 Be7 6. O-O O-O 7. a4 c6 8. Re1 b6 9. d5 Bb7 10. b3 cxd5 11. Nxd5 Rc8 12. Re2 Nc5 13. Nxf6+ Bxf6 14. Bd5 Qd7 15. Ba3 Bxd5 16. Qxd5 Rfd8 17. Rd1 Ne6 18. Red2 Nd4 19. Nxd4 exd4 20. h3 Rc6 21. Qb5 Qc7 22. Qe2 h6 23. f4 1/2-1/2

[Event "42nd Rubinstein Memorial"]
[Site "Polanica Zdroj POL"]
[Date "2006.08.24"]
[Round "5"]
[White "Laznicka, Viktor"]
[Black "Heberla, Bartlomiej"]
[WhiteElo "2045"]
[BlackElo "2364"]
[Result "1/2-1/2"]
[EventDate "2006.08.20"]
[PlyCount "151"]
1. e4 c5 2. Nf3 Nc6 3. Bb5 a6 4. Bxc6 dxc6 5. O-O Qc7 6. a4 a5 7. d3 e5 8. Be3 b6 9. Nfd2 Be6 10. Na3 Bd6 11. Nac4 Nf6 12. f4 Bxc4 13. Nxc4 exf4 14. Bd2 O-O 15. Bc3 Nd7 16. Nxd6 Qxd6 17. Qg4 f6 18. Qxf4 Qxf4 19. Rxf4 Rfe8 20. b3 Nf8 21. Rg4 Kf7 22. Rf1 Ng6 23. Kf2 Ne5 24. Rg3 Re6 25. Ke2 Rae8 26. Kd2 R8e7 27. Rh3 Kg8 28. Rh5 Rd7 29. Rhf5 Nf7 30. R5f4 Ne5 31. Ke2 Ng6 32. R4f2 Ne5 33. h3 h6 34. g4 Ng6 35. Kf3 Ne5+ 36. Kg3 Nf7 37. h4 Kh7 38. Bd2 Kg6 39. Rg2 Re8 40. Rf5 Nd6 41. Rf4 Nf7 42. Kf2 Nd8 43. Rf5 Ne6 44. Be3 Nd4 45. Bxd4 cxd4 46. Kg3 Kf7 47. g5 hxg5 48. hxg5 Re5 49. Kf4 Rxf5+ 50. Kxf5 Re7 51. Kf4 Re5 52. gxf6 gxf6 53. Rh2 Kg7 54. c3 dxc3 55. Rc2 c5 56. Rxc3 Rh5 57. d4 cxd4 58. Rd3 b5 59. Rxd4 bxa4 60. bxa4 Kg6 61. Rd6 Rh4+ 62. Ke3 Rh3+ 63. Kd4 Ra3 64. e5 Rxa4+ 65. Kd5 Kf7 66. Rxf6+ Ke7 67. Ra6 Rh4 68. Ra7+ Kd8 69. Ra8+ Ke7 70. Rxa5 Rh6 71. Ra7+ Ke8 72. Ke4 Rb6 73. Kf5 Kf8 74. Ra4 Ke7 75. Rh4 Ra6 76. Rh3 1/2-1/2

[Event "42nd Rubinstein Memorial"]
[Site "Polanica Zdroj POL"]
[Date "2006.08.25"]
[Round "6"]
[White "Czarnota, Pawel"]
[Black "Bobras, Piotr"]
[WhiteElo "2140"]
[BlackElo "2417"]
[Result "1/2-1/2"]
[EventDate "2006.08.20"]
[PlyCount "106"]
1. d4 Nf6 2. c4 g6 3. Nc3 d5 4. cxd5 Nxd5 5. Bd2 Bg7 6. e4 Nb6 7. Be3 O-O 8. Nf3 Bg4 9. Be2 Nc6 10. d5 Bxf3 11. gxf3 Na5 12. Bd4 Qd6 13. f4 e5 14. fxe5 Bxe5 15. Bxe5 Qxe5 16. Qd3 c6 17. Qg3 Qxg3 18. hxg3 cxd5 19. exd5 Nac4 20. O-O-O Nd6 21. g4 Rac8 22. Kb1 Rfe8 23. Bd3 Kg7 24. Rh3 Rc5 25. Bc2 Rc4 26. f3 Rf4 27. g5 Re3 28. Rd3 Rxd3 29. Bxd3 Rd4 30. Be4 Nbc4 31. Kc1 b5 32. Rh2 Nxe4 33. Nxe4 Ne3 34. Rd2 Rxd2 35. Kxd2 Nxd5 36. Kd3 Nb4+ 37. Kd4 Nxa2 38. Kc5 a6 39. Kb6 Nb4 40. Ka5 Nd3 41. b4 h5 42. gxh6+ Kxh6 43. Nc5 Ne5 44. Kxa6 Nxf3 45. Kxb5 Ne5 46. Ka6 g5 47. b5 Nc4 48. b6 Nxb6 49. Kxb6 g4 50. Nd3 Kg5 51. Kc5 g3 52. Ne1 f5 53. Kd4 f4 1/2-1/2

[Event "42nd Rubinstein Memorial"]
[Site "Polanica Zdroj POL"]
[Date "2006.08.25"]
[Round "6"]
[White "Heberla, Bartlomiej"]
[Black "Belov, Vladimir"]
[WhiteElo "2364"]
[BlackElo "2424"]
[Result "1/2-1/2"]
[EventDate "2006.08.20"]
[PlyCount "58"]
1. e4 e5 2. Nf3 Nc6 3. Bb5 Nf6 4. d3 d6 5. O-O g6 6. d4 Bd7 7. d5 Nb8 8. Bxd7+ Nbxd7 9. Re1 Bg7 10. c4 O-O 11. Nc3 h6 12. Rb1 a5 13. a3 Nh7 14. b4 axb4 15. axb4 b6 16. Bd2 f5 17. Ra1 Rxa1 18. Qxa1 fxe4 19. Nxe4 Nhf6 20. Qb1 Nxe4 21. Qxe4 Qe8 22. Qc2 Qf7 23. Be3 b5 24. Rd1 Nf6 25. h3 Rb8 26. Nh2 bxc4 27. Qxc4 Qd7 28. Ng4 h5 29. Nxf6+ Bxf6 1/2-1/2

[Event "42nd Rubinstein Memorial"]
[Site "Polanica Zdroj POL"]
[Date "2006.08.25"]
[Round "6"]
[White "Kempinski, Robert"]
[Black "Laznicka, Viktor"]
[WhiteElo "2543"]
[BlackElo "2045"]
[Result "1/2-1/2"]
[EventDate "2006.08.20"]
[PlyCount "137"]
1. d4 Nf6 2. c4 c6 3. Nc3 d5 4. Nf3 a6 5. c5 Nbd7 6. Bf4 Nh5 7. Bd2 Nhf6 8. Rc1 g6 9. h3 Qc7 10. g3 Bg7 11. Bf4 Qd8 12. Bg2 O-O 13. O-O Nh5 14. Bg5 h6 15. Bd2 f5 16. e3 e5 17. Nxe5 Nxe5 18. dxe5 Bxe5 19. Na4 Be6 20. Bc3 Qc7 21. Bd4 Nf6 22. Nc3 Ne4 23. Ne2 g5 24. f4 gxf4 25. gxf4 Bg7 26. Bxe4 dxe4 27. Kh2 Kh7 28. Bxg7 Qxg7 29. Nd4 Rg8 30. Rg1 Qf7 31. Qc2 Rxg1 32. Rxg1 Rg8 33. Rxg8 Kxg8 34. a3 Kf8 35. Qd2 Ke8 36. Qb4 Kd8 37. Qc3 Kc8 38. Ne2 Qf8 39. Qe5 Bd7 40. Ng3 a5 41. h4 a4 42. Kh3 Qg8 43. Kh2 Qf8 44. h5 Kd8 45. Ne2 Kc8 46. Nd4 Qg8 47. Nxf5 Qg4 48. Nd6+ Kb8 49. Nxe4+ Ka7 50. Qd4 Qxh5+ 51. Kg1 Qg4+ 52. Kf2 h5 53. Qxa4+ Kb8 54. Qa5 Qh4+ 55. Ke2 Bg4+ 56. Kd2 Bf3 57. Ng5 Qf2+ 58. Kd3 Qe2+ 59. Kd4 Qxb2+ 60. Qc3 Qf2 61. Ke5 h4 62. Kd6 Bg4 63. Ne4 Qg2 64. Qh8+ Bc8 65. Qh7 h3 66. Qc7+ Ka7 67. Qa5+ Kb8 68. Qc7+ Ka7 69. Qa5+ 1/2-1/2

[Event "42nd Rubinstein Memorial"]
[Site "Polanica Zdroj POL"]
[Date "2006.08.25"]
[Round "6"]
[White "Kryvoruchko, Yuriy"]
[Black "Socko, Bartosz"]
[WhiteElo "2148"]
[BlackElo "2557"]
[Result "1/2-1/2"]
[EventDate "2006.08.20"]
[PlyCount "103"]
1. e4 e5 2. Nf3 Nc6 3. Bb5 a6 4. Ba4 Nf6 5. O-O Be7 6. Re1 b5 7. Bb3 d6 8. c3 O-O 9. h3 Nd7 10. d4 Bf6 11. Be3 Na5 12. Bc2 Nc4 13. Bc1 Bb7 14. b3 Ncb6 15. d5 Be7 16. a4 bxa4 17. bxa4 a5 18. Na3 c6 19. c4 Qc7 20. Rb1 Ba6 21. Bb3 Nc5 22. Be3 Nbd7 23. Bc2 g6 24. Qd2 Rfc8 25. Rec1 Bb7 26. Ne1 Rcb8 27. f3 Bc8 28. Nd3 Nxd3 29. Bxd3 Nc5 30. Bxc5 dxc5 31. dxc6 Rb4 32. Nb5 Qxc6 33. Nc3 Be6 34. Nd5 Bxd5 35. Rxb4 cxb4 36. cxd5 Qxa4 37. Rc7 Bd8 38. Rb7 Qa1+ 39. Kh2 Qd4 40. d6 Bb6 41. Qc1 Ra7 42. Rxb6 Qxb6 43. Qc8+ Kg7 44. d7 Rxd7 45. Qxd7 Qe3 46. Qb5 Qf4+ 47. Kh1 Qc1+ 48. Kh2 Qf4+ 49. Kh1 Qc1+ 50. Kh2 Qf4+ 51. Kg1 Qc1+ 52. Kh2 1/2-1/2

[Event "42nd Rubinstein Memorial"]
[Site "Polanica Zdroj POL"]
[Date "2006.08.26"]
[Round "7"]
[White "Belov, Vladimir"]
[Black "Kempinski, Robert"]
[WhiteElo "2424"]
[BlackElo "2543"]
[Result "0-1"]
[EventDate "2006.08.20"]
[PlyCount "110"]
1. c4 e6 2. Nc3 d5 3. d4 c6 4. e4 dxe4 5. Nxe4 Bb4+ 6. Bd2 Qxd4 7. Bxb4 Qxe4+ 8. Be2 Na6 9. Ba5 f6 10. Nf3 b6 11. Nd2 Qf4 12. Bh5+ Ke7 13. Bc3 Nh6 14. g3 Qf5 15. Bf3 Rd8 16. O-O Rb8 17. Be4 Qg4 18. f3 Qh5 19. b4 Bb7 20. Qe2 c5 21. b5 Bxe4 22. Qxe4 Nc7 23. Qxh7 Kf7 24. Ne4 Qf5 25. Qxf5 Nxf5 26. Kf2 e5 27. Rfd1 Ne6 28. h4 Nfd4 29. a4 f5 30. Nd2 Rd7 31. Nf1 Rbd8 32. Ra2 Nxf3 33. Rxd7+ Rxd7 34. Ne3 Rd3 35. Kxf3 Rxc3 36. Kf2 f4 37. gxf4 exf4 38. Nd5 Rxc4 39. a5 Nd4 40. axb6 axb6 41. Nxb6 Rb4 42. Nd5 Rxb5 43. Ra7+ Kg6 44. Nxf4+ Kf5 45. Nd5 Rb2+ 46. Ke3 Ke5 47. Ne7 Rb3+ 48. Kd2 c4 49. Ng6+ Kf5 50. h5 c3+ 51. Kd3 c2+ 52. Kd2 Rb1 53. Ra5+ Kf6 54. Ra6+ Kg5 55. Ra5+ Kh6 0-1

[Event "42nd Rubinstein Memorial"]
[Site "Polanica Zdroj POL"]
[Date "2006.08.26"]
[Round "7"]
[White "Bobras, Piotr"]
[Black "Heberla, Bartlomiej"]
[WhiteElo "2417"]
[BlackElo "2364"]
[Result "0-1"]
[EventDate "2006.08.20"]
[PlyCount "48"]
1. e4 c5 2. Nf3 Nc6 3. d4 cxd4 4. Nxd4 Nf6 5. Nc3 d6 6. Bg5 g6 7. Bxf6 exf6 8. Be2 Bg7 9. Ndb5 O-O 10. O-O f5 11. exf5 Bxf5 12. Nxd6 Bxc2 13. Qxc2 Qxd6 14. Rfd1 Nd4 15. Qd3 Qb6 16. Bf1 Qxb2 17. Rab1 Qa3 18. Rxb7 Rad8 19. Qc4 Rc8 20. Nb1 Qa5 21. Qa6 Qh5 22. Qa4 Qg4 23. Rxa7 Rc2 24. Rd3 Qf4 0-1

[Event "42nd Rubinstein Memorial"]
[Site "Polanica Zdroj POL"]
[Date "2006.08.26"]
[Round "7"]
[White "Laznicka, Viktor"]
[Black "Kryvoruchko, Yuriy"]
[WhiteElo "2045"]
[BlackElo "2148"]
[Result "1/2-1/2"]
[EventDate "2006.08.20"]
[PlyCount "62"]
1. e4 e5 2. Nf3 Nc6 3. Bb5 Nf6 4. d3 Bc5 5. Bxc6 dxc6 6. Be3 Qe7 7. Bxc5 Qxc5 8. Nc3 Bg4 9. h3 Bxf3 10. Qxf3 O-O 11. O-O-O b5 12. Qf5 b4 13. Nb1 Rfd8 14. Rhf1 a5 15. f4 Nd7 16. Nd2 g6 17. Qg5 a4 18. Nc4 b3 19. a3 bxc2 20. Rd2 Qd4 21. Kxc2 Rab8 22. Kb1 f6 23. Qh4 Nb6 24. Nxb6 Rxb6 25. Qxf6 Rxb2+ 26. Rxb2 Qxd3+ 27. Ka2 Qc4+ 28. Ka1 Qxf1+ 29. Rb1 Qd3 30. Qe6+ Kf8 31. Qf6+ Kg8 1/2-1/2

[Event "42nd Rubinstein Memorial"]
[Site "Polanica Zdroj POL"]
[Date "2006.08.26"]
[Round "7"]
[White "Socko, Bartosz"]
[Black "Zubarev, Alexander"]
[WhiteElo "2557"]
[BlackElo "2468"]
[Result "1/2-1/2"]
[EventDate "2006.08.20"]
[PlyCount "98"]
1. e4 c5 2. Nf3 d6 3. d4 cxd4 4. Nxd4 Nf6 5. Nc3 Nc6 6. Bg5 e6 7. Qd2 Be7 8. O-O-O O-O 9. f3 a6 10. h4 Nxd4 11. Qxd4 b5 12. Bd3 Qc7 13. h5 b4 14. h6 e5 15. Qxb4 Be6 16. Bxf6 Rfb8 17. Qa3 gxf6 18. Nd5 Bxd5 19. exd5 f5 20. Rh5 e4 21. fxe4 Bf6 22. c3 Be5 23. Rxf5 f6 24. Rdf1 Rb6 25. Rxf6 Bxf6 26. Rxf6 Qe7 27. Rf2 Qh4 28. Re2 Rf8 29. b4 Qxh6+ 30. Kc2 Rf1 31. Kb3 Rf8 32. Qb2 Qf6 33. Qd2 a5 34. a3 axb4 35. axb4 Rc8 36. Re3 Qg7 37. Qe1 Kh8 38. e5 Qb7 39. Rh3 Rxb4+ 40. cxb4 Qxd5+ 41. Kb2 Qxg2+ 42. Qe2 Qxh3 43. exd6 Qh6 44. Kb3 Qf6 45. Qe4 Qg7 46. Bc4 Qg3+ 47. Bd3 Qg7 48. Bc4 Qg3+ 49. Bd3 Qg7 1/2-1/2